Países Andinos - Statistics

Estatísticas Gerais
  • Esse quiz foi jogado 7 332 vezes
  • A pontuação média é 7 de 7
Estatísticas das Respostas
País % Correto
Chile
99%
Colômbia
98%
Peru
98%
Argentina
97%
Bolívia
97%
Equador
97%
Venezuela
95%
Nenhum quiz correspondente encontrado
Distribuição das Pontuações
Porcentagem de Pessoas com Cada Pontuação
Percentil de Números Respondidos
Sua Pontuação Histórica
Você não jogou esse quiz